Online katalóg knižníc regiónu Turca

Obecné trampoty / (Record no. 21393)

MARC details
000 -LEADER
fixed length control field 00630nam a22002051 4500
001 - CONTROL NUMBER
control field 21393
003 - CONTROL NUMBER IDENTIFIER
control field CZ PrNK
005 - DATE AND TIME OF LATEST TRANSACTION
control field 20260228133127.0
008 - FIXED-LENGTH DATA ELEMENTS--GENERAL INFORMATION
fixed length control field 990730s1963 xo slo
040 ## - CATALOGING SOURCE
Original cataloging agency ABA001
Language of cataloging cze
Transcribing agency ABA001
Modifying agency ABA001
100 1# - MAIN ENTRY--PERSONAL NAME
Personal name Kukučín, Martin,
Dates associated with a name 1860-1928
Relationship aut
245 10 - TITLE STATEMENT
Title Obecné trampoty /
Statement of responsibility, etc. Martin Kukučín ; ilustr. Ivan Schurmann ; výber zost. Július Noge
250 ## - EDITION STATEMENT
Edition statement 1. vyd. v Mladých letách
260 ## - PUBLICATION, DISTRIBUTION, ETC.
Place of publication, distribution, etc. Bratislava :
Name of publisher, distributor, etc. Mladé letá,
Date of publication, distribution, etc. 1963
300 ## - PHYSICAL DESCRIPTION
Extent 168 s. :
Other physical details il. ;
Dimensions
490 1# - SERIES STATEMENT
Series statement Školská knižnica
830 #0 - SERIES ADDED ENTRY--UNIFORM TITLE
Uniform title Školská knižnica
910 ## - USER-OPTION DATA (OCLC)
User-option data ABA001
942 ## - ADDED ENTRY ELEMENTS (KOHA)
Source of classification or shelving scheme Dewey Decimal Classification
Koha item type Krásna literatúra pre dospelých
Suppress in OPAC No
Holdings
Stav vyradenia Strata Poškodenie Spôsob nadobudnutia Domovská knižnica Aktuálna knižnica Dátum nadobudnutia Total checkouts Čiarový kód exemplára Date last seen Typ exemplára
      Dar Obecná knižnica Horná Štubňa Obecná knižnica Horná Štubňa 28.02.2026   4736201577 28.02.2026 Krásna literatúra pre dospelých
Projekt je podporený Slovenskou asociáciou knižníc
Prevádzkuje Turčianska knižnica Martin 2026